[Event "ARG-chT8 fin email"]
[Site "LADAC email"]
[Date "2006.01.08"]
[Round "?"]
[White "Casas, Esteban"]
[Black "Brun, Jorge Humberto"]
[Result "1-0"]
[WhiteElo "2120"]
[BlackElo "2242"]
[PlyCount "45"]
[EventDate "2006.01.01"]
[EventType "tourn (corr)"]
[EventRounds "11"]
[EventCountry "ARG"]
[SourceTitle "Corr 2011"]
[Source "ChessBase"]
[SourceDate "2010.08.31"]
[SourceVersion "1"]
[SourceVersionDate "2010.08.31"]
[SourceQuality "1"]

1. d4 d5 2. c4 Nc6 3. Nc3 dxc4 4. Nf3 Bg4 5. d5 Bxf3 6. exf3 Ne5 7. Bf4 Ng6 8. Bxc4 Nf6 9. Bg3 a6 10. h4 Nd7 11. Qe2 h5 12. f4 Rh6 13. f5 Nh8 14. 0-0-0 Nb6 15. Bd3 Nc8 16. Bf4 Rh7 17. f6 g6 18. Rhe1 Nd6 19. Ne4 Nxe4 20. Qxe4 Qd7 21. Bc2 Rc8 22. Qb4 b6 23. Rxe7+ 1-0

[Event "ARG-chT8 fin email"]
[Site "LADAC email"]
[Date "2006.01.01"]
[Round "?"]
[White "Etchaleco, Eduardo Rodolfo"]
[Black "Brun, Jorge Humberto"]
[Result "1-0"]
[WhiteElo "2273"]
[BlackElo "2242"]
[PlyCount "117"]
[EventDate "2006.01.01"]
[EventType "tourn (corr)"]
[EventRounds "11"]
[EventCountry "ARG"]
[SourceTitle "Corr 2011"]
[Source "ChessBase"]
[SourceDate "2010.08.31"]
[SourceVersion "1"]
[SourceVersionDate "2010.08.31"]
[SourceQuality "1"]

1. e4 e5 2. Nf3 Nc6 3. Bb5 Nf6 4. 0-0 Nxe4 5. Re1 Nd6 6. Nxe5 Nxe5 7. Rxe5+ Be7 8. Bf1 0-0 9. d4 Bf6 10. Re1 Re8 11. c3 Nf5 12. Rxe8+ Qxe8 13. Bf4 d6 14. Bd3 Be6 15. d5 Bd7 16. Nd2 Be5 17. Bxe5 Qxe5 18. Qb3 Rb8 19. Nf3 Qf6 20. Qb4 b6 21. Re1 Ne7 22. Qe4 Ng6 23. Qc4 Rc8 24. Qa6 Qd8 25. Bxg6 hxg6 26. Re3 Ra8 27. Nd4 Qg5 28. Qb7 Re8 29. h4 Qxh4 30. Rxe8+ Bxe8 31. Qxc7 Qe4 32. Qxd6 Qe1+ 33. Kh2 Qxf2 34. Qe7 Qf4+ 35. Kh3 Qb8 36. g4 a6 37. d6 Qc8 38. Kg3 Qd7 39. Qe5 f6 40. Qd5+ Bf7 41. Qa8+ Qe8 42. Qxe8+ Bxe8 43. c4 a5 44. b3 Kf8 45. c5 bxc5 46. Ne6+ Kf7 47. Nxc5 Bb5 48. g5 Ke8 49. Kf4 Be2 50. Ke4 Kf7 51. Ke3 Bf1 52. Kd4 Bg2 53. a3 Bc6 54. Nd3 Ke6 55. Kc5 Be4 56. Nf2 Bg2 57. b4 axb4 58. axb4 fxg5 59. b5 1-0

[Event "IECG CB.2003.0.00067 email"]
[Site "IECG email"]
[Date "2003.01.16"]
[Round "?"]
[White "Brun, Jorge Humberto"]
[Black "Van Bommel, Ton"]
[Result "0-1"]
[WhiteElo "1800"]
[BlackElo "1864"]
[PlyCount "66"]
[EventDate "2003.11.30"]
[EventType "tourn (corr)"]
[EventRounds "6"]
[SourceTitle "Corr 2008"]
[Source "ChessBase"]
[SourceDate "2008.06.24"]
[SourceVersion "1"]
[SourceVersionDate "2008.06.24"]
[SourceQuality "1"]

1. e4 e5 2. Bc4 Nf6 3. d4 exd4 4. e5 d5 5. Qxd4 Nc6 6. Bb5 Ne4 7. Nc3 Bc5 8. Qxd5 Bxf2+ 9. Kf1 Qxd5 10. Nxd5 Bb6 11. Be3 Be6 12. Bxb6 Bxd5 13. Bxc7 Rc8 14. Rd1 Bxa2 15. Bd6 a6 16. Bd3 Nxd6 17. exd6 Be6 18. Nf3 Nb4 19. Be4 f5 20. Bxb7 Rxc2 21. Re1 Kd7 22. Rxe6 Kxe6 23. Nd4+ Kxd6 24. Nxc2 Nxc2 25. Kf2 a5 26. Rd1+ Ke7 27. Rd2 Rb8 28. Bc6 Rxb2 29. Ba4 Nb4 30. Rxb2 Nd3+ 31. Kf3 Nxb2 32. Bc2 Kf6 33. g4 a4 0-1

[Event "Liape ch-1 zone-A gr-02 email"]
[Site "Liape email"]
[Date "2003.01.05"]
[Round "6"]
[White "Brun, Jorge Humberto"]
[Black "Muniz, David B"]
[Result "1-0"]
[WhiteElo "1800"]
[BlackElo "1649"]
[PlyCount "36"]
[EventDate "2003.??.??"]
[EventType "tourn (corr)"]
[EventRounds "6"]
[EventCountry "ARG"]
[SourceTitle "Corr 2006"]
[Source "ChessBase"]
[SourceDate "2006.04.01"]
[SourceVersion "3"]
[SourceVersionDate "2006.04.01"]
[SourceQuality "1"]

1. e4 e5 2. d4 exd4 3. f4 d5 4. Qxd4 dxe4 5. Qxd8+ Kxd8 6. Be3 Nf6 7. Nc3 Bg4 8. h3 Be6 9. 0-0-0+ Ke8 10. g4 Bb4 11. Nge2 Bxc3 12. Nxc3 Nc6 13. Bg2 Nb4 14. Bc5 Na6 15. Bd4 c6 16. Rhe1 h6 17. Nxe4 Nxe4 18. Rxe4 Kf8 1-0

[Event "Liape A-008 email"]
[Site "Liape email"]
[Date "2003.??.??"]
[Round "1"]
[White "Brun, Jorge Humberto"]
[Black "De los Reyes, Antonio"]
[Result "0-1"]
[WhiteElo "1800"]
[BlackElo "1821"]
[PlyCount "28"]
[EventDate "2003.??.??"]
[EventType "tourn (corr)"]
[EventRounds "6"]
[EventCountry "ARG"]
[SourceTitle "Corr 2006"]
[Source "ChessBase"]
[SourceDate "2006.04.01"]
[SourceVersion "3"]
[SourceVersionDate "2006.04.01"]
[SourceQuality "1"]

1. g4 d5 2. Bg2 Bxg4 3. c4 c6 4. cxd5 Nf6 5. Qb3 cxd5 6. Qxb7 Nbd7 7. Nc3 e6 8. e4 Rb8 9. Qxa7 Nc5 10. Bf1 Rb7 11. Bb5+ Nfd7 12. Qxb7 Nxb7 13. Nge2 dxe4 14. b3 Qh4 0-1

[Event "Liape A-008 email"]
[Site "Liape email"]
[Date "2003.??.??"]
[Round "6"]
[White "Brun, Jorge Humberto"]
[Black "Hanison, Bernard"]
[Result "1/2-1/2"]
[WhiteElo "1800"]
[BlackElo "2023"]
[PlyCount "53"]
[EventDate "2003.??.??"]
[EventType "tourn (corr)"]
[EventRounds "6"]
[EventCountry "ARG"]
[SourceTitle "Corr 2006"]
[Source "ChessBase"]
[SourceDate "2006.04.01"]
[SourceVersion "3"]
[SourceVersionDate "2006.04.01"]
[SourceQuality "1"]

1. e4 e5 2. Bc4 Nf6 3. d3 c6 4. Qe2 Be7 5. Nf3 0-0 6. 0-0 d5 7. Bb3 Bg4 8. h3 Bxf3 9. Qxf3 d4 10. Qe2 Nbd7 11. Nd2 a5 12. a3 a4 13. Ba2 Qc7 14. Nf3 Ne8 15. Nh2 c5 16. f4 Nef6 17. fxe5 Nxe5 18. Bf4 Bd6 19. Bg5 Ng6 20. g4 Nf4 21. Bxf4 Bxf4 22. Rf3 Be3+ 23. Kh1 Rae8 24. Nf1 Bf4 25. Nd2 b5 26. Raf1 Bg5 27. Rf5 1/2-1/2

[Event "IECG CB.2001.0.00015 email"]
[Site "IECG email"]
[Date "2001.09.16"]
[Round "?"]
[White "Starace, Umberto"]
[Black "Brun, Jorge Humberto"]
[Result "1-0"]
[WhiteElo "1924"]
[BlackElo "1800"]
[PlyCount "27"]
[EventDate "2001.09.16"]
[EventType "tourn (corr)"]
[EventRounds "6"]
[SourceTitle "Corr 2008"]
[Source "ChessBase"]
[SourceDate "2008.06.24"]
[SourceVersion "1"]
[SourceVersionDate "2008.06.24"]
[SourceQuality "1"]

1. e4 e5 2. Nf3 Nc6 3. Bb5 a5 4. 0-0 Na7 5. Bc4 b5 6. Nxe5 bxc4 7. Nxf7 Kxf7 8. Qh5+ g6 9. Qd5+ Kg7 10. Qxa8 Nc6 11. b3 Be7 12. Bb2+ Bf6 13. Bc3 Nge7 14. Bxf6+ 1-0